| 000 | 00895 a2200217 4500 | ||
|---|---|---|---|
| 001 | 39539 | ||
| 005 | 20260407155653.0 | ||
| 008 | 260407a1973 arg spa d | ||
| 003 | AR-UNSa-BCEJYS | ||
| 040 |
_aAR-UNSa-BCEJYS _bspa _cAR-UNSa-BCEJYS |
||
| 080 |
_a658.012.32 _xFormas de organización, de gestión |
||
| 245 | 1 | 0 |
_aDesarrollo de organizaciones _pdiagnóstico y acción |
| 264 | 1 |
_aMéxico : _bCentro Regional de Ayuda Técnica _c1973 |
|
| 300 |
_a113 p. _c21 cm. |
||
| 505 | _a1. Introducción - 2. Conceptos para el desarrllo de las organizaciones - 3. El área contacto entre la organización y el ambiente - 4. El área de contacto entre grupos - 5. El área de contacto entre el individuo y la organiación - 6. Conclusiones. | ||
| 942 | _cBK | ||
| 590 | _aniveau_biblio:m niveau_hierar:0 | ||
| 100 | 1 | _aLawrence, Paul R. | |
| 700 | 1 | _aLorsch, Jay W. | |
| 700 | 1 | _aLopera, Jaime | |
| 999 |
_c3067 _d3067 |
||